Szczegóły MARC21

Über die Jahre : ein Klassentreffen in Wien /

003 -Nazwa inst., której nr kontr. jest w polu 001 [,]
    • @
    • Nazwa instytucji, której n kontrolny jest w polu 001
    • NUKAT
005 -DATA I CZAS OSTATNIEJ MODYFIKACJI [,]
    • @
    • pole kontrolne
    • 20241231114843.0
020 -Międzynarod. znormalizowany nr książki - ISBN [ , ]
    • a
    • Numer ISBN
    • 3852861357 Find
040 -Instytucja sporządzająca opis [ , ]
    • a
    • Instytucja, która sporządziła opis (NP)
    • SZCZ U/AB
    • b
    • Język katalogowania
    • pol
    • e
    • Zasady katalogowania
    • rda
    • c
    • Instytucja, która sporządziła rekord (NP)
    • SZCZ U/ABs
041 -Język dokumentu [1, ]
    • a
    • Język tekstu (P)
    • niemiecki
    • h
    • Język tekstu oryginalnego i/lub pośredniego (P)
    • angielski
942 -Rodzaj dokumentu [ , ]
    • c
    • Rodzaj dokumentu
    • Książka
100 -Hasło główne - nazwa osobowa [1, ]
    • a
    • Nazwa osobowa (NP)
    • Foster, Edith
    • d
    • Daty biograficzne (NP)
    • (1914-2002).
    • e
    • Rodzaj współpracy
    • Autor
    • 9
    • KHW
    • 504686
240 -Tytuł ujednolicony [1,0]
    • a
    • Tytuł ujednolicony
    • Reunion in Vienna
    • l
    • Język tekstu
    • (niem.)
    • 9
    • KHW
    • 504689
245 -Strefa tytułu i oznaczenia odpowiedzialności [1,0]
    • a
    • Tytuł
    • Über die Jahre : Find
    • b
    • Ciąg dalszy tytułu (NP)
    • ein Klassentreffen in Wien / Find
    • c
    • Pozostałe elementy strefy tytułu i oznaczenia odpowiedzialności (NP)
    • Edith Foster ; aus dem Amerikanischen übersetzt von Ines Rieder ; mit einem Nachwort von Frigga Haug.
250 -Strefa wydania [ , ]
    • a
    • Oznaczenie wydania (NP)
    • Überarbeitete Neuesausgabe.
260 -Strefa adresu wydawniczego [ , ]
    • a
    • Miejsce wydania (P)
    • Wien :
    • b
    • Nazwa wydawcy (P)
    • Milena Verlag,
    • c
    • Data wydania (P)
    • © 2005.
300 -Strefa opisu fizycznego [ , ]
    • a
    • Określenie formy książki i/lub objętość (NP)
    • 206 stron ;
    • c
    • Format (NP)
    • 21 cm.
336 -Typ zawartości [ , ]
    • a
    • Termin opisujący typ zawartości
    • Tekst
    • b
    • Kod określający zawartość
    • txt
    • 2
    • Źródło (terminu i kodu)
    • rdacontent
337 -Typ mediów [ , ]
    • a
    • Tryb odtwarzania
    • Bez urządzenia pośredniczącego
    • b
    • Kod typu mediów
    • n
    • 2
    • Źródło (terminu i kodu)
    • rdamedia
338 -Typ/rodzaj nośnika [ , ]
    • a
    • Hasło opisujące typ nośnika
    • Wolumin
    • b
    • Kod typu nośnika
    • nc
    • 2
    • Źródło (terminu i kodu)
    • rdacarrier
490 -Strefa serii i książki wielotomowej - forma nie do wyszukiwania [1, ]
    • a
    • Tytuł (P)
    • Allgemeine Literarische Reihe Find
830 -Hasło dodatkowe serii i opisu książki wielotomowej - tytuł ujednolicony/tytuł [ ,0]
    • a
    • Tytuł ujednolicony/tytuł (NP)
    • Allgemeine Literarische Reihe
    • 9
    • KHW
    • 504688
500 -Uwaga ogólna [ , ]
    • a
    • Uwaga ogólna (NP)
    • Die überarbeitete Neuesausgabe erschien erstmals 1989 unter Titel "Maturatreffen : 50 Jahre danach" im Verlag für Gesellschaftskritik, Wien.
536 -Uwaga dot. finansowania książki [ , ]
    • a
    • Tekst uwagi
    • Gedruckt mit freunflicher Unterstützung durch Wien Kultur
600 -Hasło przedmiotowe w formie nazwy osobowej [1,7]
    • a
    • Nazwa osobowa
    • Foster, Edith
    • d
    • Daty związane z nazwą
    • (1914-2002)
    • v
    • Określnik formalny
    • biografie.
    • 2
    • Źródło terminu
    • kaba
    • 9
    • KHW
    • 504755
650 -Hasło przedmiotowe [ ,7]
    • a
    • Hasło przedmiotowe
    • Żydzi
    • z
    • Określnik geograficzny
    • Austria
    • y
    • Określnik chronologiczny
    • 1900-1945
    • v
    • Określnik formalny
    • relacje osobiste.
    • 2
    • Źródło terminu
    • kaba
    • 9
    • KHW
    • 504756
650 -Hasło przedmiotowe [ ,7]
    • a
    • Hasło przedmiotowe
    • Żydzi
    • x
    • Określnik rzeczowy
    • prześladowania
    • z
    • Określnik geograficzny
    • Austria
    • y
    • Określnik chronologiczny
    • 1900-1945
    • v
    • Określnik formalny
    • relacje osobiste.
    • 2
    • Źródło terminu
    • kaba
    • 9
    • KHW
    • 504753
650 -Hasło przedmiotowe [ ,7]
    • a
    • Hasło przedmiotowe
    • Żydzi
    • z
    • Określnik geograficzny
    • Austria
    • z
    • Określnik geograficzny
    • Wiedeń
    • y
    • Określnik chronologiczny
    • 20 w.
    • v
    • Określnik formalny
    • biografie.
    • 2
    • Źródło terminu
    • kaba
    • 9
    • KHW
    • 504754
650 -Hasło przedmiotowe [ ,7]
    • a
    • Hasło przedmiotowe
    • Faszyzm
    • z
    • Określnik geograficzny
    • Austria.
    • 2
    • Źródło terminu
    • kaba
    • 9
    • KHW
    • 504752
651 -Hasło przedmiotowe w formie nazwy geograficznej [ ,7]
    • a
    • Nazwa geograficzna
    • Austria
    • y
    • Określnik chronologiczny
    • 1918-1938
    • v
    • Określnik formalny
    • relacje osobiste.
    • 2
    • Źródło terminu
    • kaba
    • 9
    • KHW
    • 504757
700 -Hasło dodatkowe - nazwa osobowa [1, ]
    • a
    • Nazwa osobowa (NP)
    • Rieder, Ines Find
    • d
    • Daty biograficzne (NP)
    • (1954-2015).
    • e
    • Określenie rodzaju współpracy
    • Tłumaczenie
    • 9
    • KHW
    • 504684
700 -Hasło dodatkowe - nazwa osobowa [1, ]
    • a
    • Nazwa osobowa (NP)
    • Haug, Frigga Find
    • d
    • Daty biograficzne (NP)
    • (1937- ).
    • e
    • Określenie rodzaju współpracy
    • Posłowie
    • 9
    • KHW
    • 504685
710 -Hasło dodatkowe - nazwa ciała zbiorowego [2, ]
    • a
    • Nazwa ciała zbiorowego lub nazwa geograficzna jako pierwszy element (NP)
    • Milena Verlag.
    • e
    • Rodzaj współpracy
    • Wydawca
    • 4
    • Kod relacji
    • pbl
    • 9
    • KHW
    • 490269
920 -ISBN [ , ]
    • a
    • ISBN
    • 3-85286-135-7 Find
Sygnatura Data inwentaryzacji Lokalizacja Status udost. Numer inwentarzowy
Germ. Literatura austriacka2019-07-10BM-3BC.12705